Estadísticas para Provincias de Sudáfrica

Haz click aquí para intentar la prueba.

Estadísticas generales

  • Esta prueba ha sido intentada 374 veces
  • La puntuación promedio es 6 de 9

Respuestas en el mapa

Las respuestas están codificadas por una escala verde-roja en el mapa de la prueba según el % correcto abajo.
 

Estadísticas de respuestas

Provincias% Correcto
Provincia Oriental del Cabo
82%
Provincia Occidental del Cabo
81%
KwaZulu-Natal
78%
Provincia Septentrional del Cabo
78%
Estado Libre
72%
Limpopo
70%
Gauteng
65%
Noroeste
61%
Mpumalanga
59%

Distribución de puntuación

Porcentaje por número respondido

Porcentaje de gente con cada puntuación

Historial de tus puntuaciones

No has intentado esta prueba.